000 00396nam a2200145Ia 4500
008 221030s9999 xx 000 0 und d
041 _aEnglish
082 _a105.23
100 _a-
245 0 _aLaboratory Manual On Digital Design Using ICS 9 DEPARTMENTAL )
_cby -
260 _bQIP Center, University Of Roorkee, Roorkee
_aIndia
_c0
300 _a34
650 _aECE Departmental
942 _cBK
999 _c7543
_d7543